|
|
|
|
| LEADER |
00000nab a2200000 a 4500 |
| 001 |
vtls000163468 |
| 003 |
SK-MaSNL |
| 005 |
20260302202907.0 |
| 008 |
111031c1983 xo 0 slo |
| 015 |
|
|
|a SNBRA19rr/mm-uuuuu
|
| 035 |
|
|
|a CL0173579
|
| 040 |
|
|
|a SNKBUCL
|b slo
|c SNKBUCL
|e AACR2
|
| 041 |
0 |
|
|a slo
|
| 044 |
|
|
|a xo
|c SK
|
| 080 |
|
|
|a 666.97.035.037
|2 1981
|
| 100 |
1 |
|
|a Bajza, Adolf,
|d 1940-
|4 aut
|9 37247
|
| 245 |
1 |
0 |
|a Vplyv dodatočného ošetrenia na pevnosť pretepľovaného betónu
|c Adolf Bajza, Bohumil Důza, Ildiko Rouseková ; Bohumil Důra
|
| 300 |
|
|
|b Tb. 3. Grafy 3. Res. slov., lit. 3 zázn. v slov., nem.
|
| 650 |
0 |
7 |
|a betón
|2 snkbucl
|9 1685
|
| 650 |
0 |
7 |
|a betónové prefabrikáty
|2 snkbucl
|9 179795
|
| 655 |
|
7 |
|a články zo zborníkov
|2 snkbucl
|9 166140
|
| 700 |
1 |
|
|a Důza, Bohumil
|4 aut
|9 925278
|
| 700 |
1 |
|
|a Rouseková, Ildikó,
|d 1943-
|4 aut
|9 215178
|
| 700 |
1 |
|
|a Důra, Bohumil
|4 aut
|9 515387
|
| 773 |
0 |
|
|t Zborník vedeckých prác Stavebnej fakulty Slovenskej vysokej školy technickej v Bratislave 1980
|d Bratislava : Alfa, 1983
|g S. 129-136
|
| 850 |
|
|
|a Slovenská národná knižnica v Martine
|a MTA001
|
| 852 |
|
|
|a SNK
|b KIS3GCP
|
| 958 |
|
|
|a RK
|
| 992 |
|
|
|a RZB
|
| 999 |
|
|
|c 1466877
|d 1468807
|